| Tag |
First Indicator |
Second Indicator |
Subfields |
| LEADER |
00000cam a2200000 a 4500 |
| 001 |
in00002149596 |
| 006 |
m e d # |
| 007 |
cr mn mmmmabba |
| 008 |
830523s1794 pau s f000 0 eng d |
| 005 |
20260331151026.4 |
| 035 |
|
|
|z w014557
|
| 035 |
|
|
|a MAAR8305232507B
|
| 035 |
|
|
|9 mwa91-7422
|
| 035 |
|
|
|a 346528
|
| 035 |
|
|
|a aas03014557
|
| 040 |
|
|
|a MWA
|c MWA
|e bdrb
|d UtOrBLW
|
| 110 |
1 |
|
|a United States.
|
| 240 |
1 |
0 |
|a Act making further provision for securing and collecting the duties
|
| 245 |
1 |
0 |
|a Third Congress of the United States :
|b at the first session, begun and held at the city of Philadelphia, in the state of Pennsylvania, on Monday, the second of December, one thousand seven hundred and ninety-three. : An act making further provision for securing and collecting the duties on foreign and domestic distilled spirits, stills, wines and teas.
|
| 264 |
|
3 |
|a [Philadelphia] :
|b [Printed by Francis Childs and John Swaine?],
|c [1794]
|
| 300 |
|
|
|a 4 unnumbered pages ;
|c 34 cm. (folio)
|
| 336 |
|
|
|a text
|b txt
|2 rdacontent
|
| 337 |
|
|
|a computer
|b c
|2 rdamedia
|
| 338 |
|
|
|a online resource
|b cr
|2 rdacarrier
|
| 500 |
|
|
|a "Approved--June the fifth 1794."--page [4].
|
| 500 |
|
|
|a Caption title.
|
| 500 |
|
|
|a Ascribed to the press of Francis Childs and John Swaine by Evans.
|
| 510 |
4 |
|
|a Evans
|c 27868
|
| 530 |
|
|
|a Microform version available in the Readex Early American Imprints series.
|
| 533 |
|
|
|a Electronic text and image data.
|b [Chester, Vt. :
|c Readex, a division of Newsbank, Inc.,
|d 2002-2004.
|e Includes files in TIFF, GIF and PDF formats with inclusion of keyword searchable text.
|f (Early American imprints. First series ; no. 27868).
|
| 500 |
|
|
|a Electronic resource.
|
| 650 |
|
0 |
|a Tariff
|z United States.
|
| 650 |
|
0 |
|a Customs administration
|z United States.
|
| 650 |
|
0 |
|a Alcoholic beverage industry
|x Taxation
|z United States.
|
| 740 |
0 |
|
|a Act making further provision for securing and collecting the duties on foreign and domestic distilled spirits, stills, wines and teas.
|
| 752 |
|
|
|a United States
|b Pennsylvania
|d Philadelphia.
|
| 830 |
|
0 |
|a Early American imprints.
|n Series I,
|p Evans (1639-1800) ;
|v no. 27868.
|
| 856 |
4 |
1 |
|u http://proxy.library.tamu.edu/login?url=https://opac.newsbank.com/select/evans/27868
|y Evans Digital Edition
|t 0
|
| 999 |
|
|
|a MARS
|
| 999 |
f |
f |
|s 1c869c11-0a48-3f55-bcc6-b520bcee120c
|i a970944f-b7d1-3ad9-992e-4225861f1df1
|t 0
|
| 952 |
f |
f |
|a Texas A&M University
|b College Station
|c Electronic Resources
|s www_evans
|d Available Online
|t 0
|h No information provided
|
| 998 |
f |
f |
|t 0
|l Available Online
|